Forces that have fought in the Syrian Civil War at one point. - Statistics

General Stats
  • This quiz has been taken 158 times
    116 since last reset
  • The average score is 9 of 14
Answer Stats
Answer % Correct
Syrian Arab Republic
99%
Islamic Republic of Iran
91%
United States of America
86%
Russian Federation
85%
Republic of Turkey
84%
Islamic State (ISIS / ISIL)
79%
Republic of Iraq
74%
Hezbollah
70%
Free Syrian Army
63%
Kurdish Fighters
54%
Rojava
54%
Al-Qaeda
38%
Al-Nusra Front
25%
Syrian Salvation Government
4%
No matching quizzes found
Score Distribution
Percent of People with Each Score
Percentile by Number Answered
Your Score History
You have not taken this quiz since the last reset